Champfleury, the realist writer as art critic /

Bibliographic Details
Main Author: Flanary, David A., 1945-
Format: Book
Language:English
Published: Ann Arbor, Mich. : UMI Research Press, [1980]
Series:Studies in the fine arts. Criticism ; no. 1.
Subjects:

MARC

Tag First Indicator Second Indicator Subfields
LEADER 00000pam a2200000 a 4500
001 in00000084207
005 20151008055717.0
008 800523s1980 miu b 00110 engm
010 |a  80017475  
020 |a 0835710874 :  |c $23.95 
035 |a (OCoLC)06422513 
035 |9 AAJ4178AM 
040 |a DLC  |c DLC  |d m.c.  |d TXA  |d UtOrBLW 
043 |a e-fr--- 
049 |a TXAM  |c [1672765] 
050 0 0 |a N7483.C43  |b F55 
082 0 |a 759.4 
100 1 |a Flanary, David A.,  |d 1945- 
245 1 0 |a Champfleury, the realist writer as art critic /  |c by David A. Flanary. 
264 1 |a Ann Arbor, Mich. :  |b UMI Research Press,  |c [1980] 
264 4 |c ©1980 
300 |a xi, 95 pages ;  |c 24 cm. 
336 |a text  |b txt  |2 rdacontent 
337 |a unmediated  |b n  |2 rdamedia 
338 |a volume  |b nc  |2 rdacarrier 
490 1 |a Studies in the fine arts. Criticism ;  |v no. 1 
500 |a Includes index. 
504 |a Bibliography: pages [89]-91. 
600 1 0 |a Champfleury,  |d 1821-1889. 
611 2 0 |a Salon (Exhibition : Paris, France)  |d (1846) 
611 2 0 |a Salon (Exhibition : Paris, France)  |d (1849) 
830 0 |a Studies in the fine arts.  |p Criticism ;  |v no. 1. 
999 |a MARS 
999 f f |s a76ca198-e0f1-3e01-8f97-f4bbec90ed6b  |i af9f722a-d2d6-32fc-8b12-ae672a3a95b3  |t 0 
952 f f |p normal  |a Texas A&M University  |b College Station  |c Sterling C. Evans Library  |d Evans: Library Stacks  |t 0  |e N7483.C43 F55  |h Library of Congress classification  |i unmediated -- volume  |m A14806166924 
998 f f |a N7483.C43 F55  |t 0  |l Evans: Library Stacks